Normal view MARC view

Entry Personal Name

Number of records used in: 3

001 - CONTROL NUMBER

  • control field: 771761

003 - CONTROL NUMBER IDENTIFIER

  • control field: OSt

005 - DATE AND TIME OF LATEST TRANSACTION

  • control field: 20250508161910.0

008 - FIXED-LENGTH DATA ELEMENTS

  • fixed length control field: 250508|| aca||aabn | a|a d

040 ## - CATALOGING SOURCE

  • Original cataloging agency: OSt
  • Transcribing agency: OSt

100 ## - HEADING--PERSONAL NAME

  • Personal name: Kathuria Ganpat Rai

670 ## - SOURCE DATA FOUND

  • Source citation: Work cat.: (OSt)1373062: Kathuria Ganpat Rai, Investigation into the cheating-behaviour of ninth-class students during tests in mathematics, 1978
Copyright @ Delhi University Library System